=LDR 00000nam 2200000 4500 =001 INLIS000000000050258 =005 20170426112344 =035 ##$$a 0010-0417000073 =007 ta =008 170426###########################0###### =020 ##$$a 978 - 979 - 002 - 656 - 6 =082 ##$$a 635 =084 ##$$a 635 PAN =245 ##$$a Panduan Peraktis Budidaya Mentimun =250 ##$$a Cet.1 =260 ##$$a Jakarta :$b Penebar Swadaya,$c 2014 =300 ##$$a 60 hlm. : $b Ilus ; $c 20 cm. =650 ##$$a Sayuran =990 ##$$a 73897389 =990 ##$$a 73897389 =990 ##$$a 31700221 =990 ##$$a 02201707389 =990 ##$$a 31700222 =990 ##$$a 31700221